Posibilidades de acceso y logro ulterior de la mujer costarricense en la educación superior y el mercado de trabajo
Salvato in:
| Autore principale: | |
|---|---|
| Natura: | Sconosciuto |
| Pubblicazione: |
San José, Costa Rica :
Edit. de la Universidad de Costa Rica,
|
| Soggetti: | |
| Tags: |
Aggiungi Tag
Nessun Tag, puoi essere il primo ad aggiungerne!!
|
MARC
| LEADER | 000000000a22000000004500 | ||
|---|---|---|---|
| 001 | 000079 | ||
| 022 | |a 0379-7082 | ||
| 100 | 1 | |a Mendiola Terán, Haydee | |
| 245 | 1 | 0 | |a Posibilidades de acceso y logro ulterior de la mujer costarricense en la educación superior y el mercado de trabajo |
| 260 | |a San José, Costa Rica : |b Edit. de la Universidad de Costa Rica, | ||
| 310 | |a semestral | ||
| 650 | 4 | |a EDUCACION SUPERIOR | |
| 650 | 4 | |a DISCRIMINACION EDUCACIONAL | |
| 650 | 4 | |a IGUALDAD DE OPORTUNIDADES | |
| 650 | 4 | |a EDUCACION DE LA MUJER | |
| 650 | 4 | |a COSTA RICA | |
| 773 | 0 | |t Educación: Revista de la Universidad de Costa Rica | |
| 773 | 0 | |g 14 | |
| 773 | 0 | |g 2 | |
| 773 | 0 | |g 1990 | |
| 773 | 0 | |g 25-42 | |
| 999 | |c 828 |d 828 | ||
